'L' Cartoon Characters by Picture Quiz Stats

 Plays Quiz Updated Jun 9, 2016

Challenge
Share
Tweet
Score 0/20 Timer 06:00
1 Play Today
Column Character % Correct
Lisa Simpson
95.2%
Luigi
94.6%
Lilo Pelekai
92.7%
Leonardo
89.3%
Lady
87.1%
Lightning McQueen
82.8%
Lois Griffin
79.7%
Louie
78.9%
Linus van Pelt
67.5%
Link
65.8%
Column Character % Correct
Lumière
62.6%
Larry the Lobster
57.7%
Lola Bunny
56.7%
Lots-O-Huggin'-Bear
49.4%
Little Bear
44.4%
Lucky
38.1%
Lex Luthor
35.3%
Lana Kane
29.2%
Lion-O
23.6%
Lazlo
22.7%

You're not logged in!

Compare scores with friends on all Sporcle quizzes.
Join for Free
OR
Log In

You Might Also Like...

Show Comments

Extras

Top Quizzes Today


Score Distribution

Your Account Isn't Verified!

In order to create a playlist on Sporcle, you need to verify the email address you used during registration. Go to your Sporcle Settings to finish the process.

Report this User

Report this user for behavior that violates our Community Guidelines.

Details: